[Event "Gibraltar Masters 15th"]
[Site "Caleta"]
[Date "2017.01.26"]
[Round "3"]
[White "Cheparinov, Ivan"]
[Black "Schroeder, Jan Christian"]
[Result "1/2-1/2"]
[WhiteElo "2689"]
[BlackElo "2550"]
[Annotator "Schroeder,J"]
[PlyCount "77"]
[EventDate "2017.01.24"]
[EventType "swiss"]
[EventRounds "10"]
[EventCountry "GGB"]
[SourceTitle "CBM 177"]
[Source "ChessBase"]
[SourceDate "2017.03.16"]
[SourceVersion "1"]
[SourceVersionDate "2017.03.16"]
[SourceQuality "1"]

1. d4 {After having won the first two games quite luckily, I was paired
against the former winner of Gibraltar Masters Ivan Cheparinov.} d5 2. c4 e6 3.
Nf3 Nf6 4. g3 {This was expected. Cheparinov mainly plays the Catalan and
after checking his games before the round I felt that he has analysed his
lines pretty deep.} Be7 (4... Bb4+ {is the other move on the top level, but 4..
.Be7 is considered to be most solid.} 5. Bd2 Be7 (5... Bd6)) 5. Bg2 O-O 6. O-O
dxc4 7. Qc2 (7. Ne5 {is the other main move. Kramnik introduced many ideas in
this line but still Black seems to be fine.} Nc6 8. Nxc6 $5 {Maybe this line
is most dangerous for Black. So could beat Nakamura thanks to his impressive
preparation although the line should be OK.} (8. Bxc6 bxc6 9. Nxc6 Qe8 10.
Nxe7+ Qxe7 11. Qc2 (11. Qa4) (11. Na3 {all those three moves have already been
tried})) 8... bxc6 9. Na3 Bxa3 10. bxa3 Ba6 11. Qd2 $5 Rb8 12. Qa5 {and a long
theoretical battle is going to start.}) 7... a6 8. a4 (8. Qxc4 {The old main
move is not fashionable anymore because Black has too many ideas which lead
more or less to equality, for instance:} b5 9. Qc2 Bb7 10. Bd2 Be4 11. Qc1 c6
$5) 8... c5 $6 {I am not sure about this move, it looks a bit dubious. Before
the tournament I checked out whether there are new ideas in the Catalan. 8...
c5 has been played by strong players like Kramnik or Topalov but only in blitz.
Still, I decided to have a look at it but could not equalise completely.
Nevertheless I wanted to try this move and find out what my opponent had
analysed but I experienced an unpleasant surprise...} 9. dxc5 Bxc5 10. Nbd2 $5
(10. Qxc4 {I only analysed this move because it was the only one which was
tried by the top top players.} b6 11. Ne5 $1 Ra7 12. Nc3 (12. Nd3 Be7 (12...
Bb7 {is Stockfish's recommendation, though it looks a bit strange to a human
being. That's why I prefer 12...Be7} 13. Nxc5 Bxg2 14. Kxg2 bxc5 $13) 13. Bf4
Bb7 14. Bxb7 Rxb7 15. Nd2 Nd5 $11) 12... Bb7 13. Bxb7 Rxb7 14. Ne4 $1 {very
strong and unpleasant for Black} (14. Bg5 $6 Qd4 $1 $15) 14... Qd4 (14... Rc7
15. Nxf6+ Qxf6 16. Qe4 {[%csl Rb8] It is not too easy to develop the knight.
White has a long term advantage.} Qe7 (16... Nd7 $6 17. Bf4 $1 $16) 17. Bf4 $14
) (14... Nxe4 15. Qxe4 Qd5 16. Qxd5 exd5 17. Rd1 $14) 15. Nxf6+ (15. Nxc5 bxc5
16. Qxd4 cxd4 17. Rd1 Nbd7 18. Nc6 e5 19. e3 dxe3 20. Bxe3 Rxb2 21. Ne7+ Kh8
22. Rd6 Ra8 $11) 15... gxf6 16. Qxd4 Bxd4 17. Nf3 $5 (17. Nd3 Kg7 18. Rd1 Rd8
$13) 17... Nc6 {This is what I intended to play. Though White is better Black
has good drawing chances I think.}) 10... b5 $1 {Played after 35 minutes of
thinking. It was not too easy to find out that this move is necessary and
moreover that it does not lose immediatley!} (10... Bd7 11. Nxc4 Bc6 12. Rd1
Qe7 13. Bg5 $14) (10... Nc6 11. Nxc4 Qe7 12. Nfe5 $1 $14 {[%csl Rc8]}) 11. axb5
(11. Ng5 $5 Ra7 12. Nde4 Nxe4 13. Nxe4 Bb6 (13... Bd4 14. Ng5 g6 (14... f5 $6
15. Rd1 $16 {[%cal Rd1d4,Rc1e3]}) 15. axb5 axb5 16. Rxa7 Bxa7 17. b3 (17. Ne4
$6 f5 18. Bg5 Qb6 19. Nf6+ Kg7 20. Qc3 Qd4 21. Qa5 Qb6 $11) 17... Nd7 18. bxc4
Qc7 {[%csl Rf6,Rg7,Rh6,Rh7] Maybe still a bit unpleasant but should be drawish}
) 14. Bf4 {[%cal Ye4d6]} (14. Ng5 f5 $1 $13) 14... e5 $1 15. Bxe5 Nc6 16. Rad1
Rd7 $13) 11... Bb7 12. Nh4 {Came again as a huge surprise to me. I expected
two different moves which pose Black some problems.} (12. Nxc4 $5 axb5 13. Rxa8
Bxa8 14. Nce5 {[%csl Rb5] looks like nothing but after analysing this position
a bit I feel that Black has to play pretty accurately to draw.}) (12. bxa6 Nxa6
13. Nxc4 (13. Qxc4 Bd5 14. Qf4 Bd6 15. Qh4 Be7 $11) 13... Nb4 14. Rxa8 Qxa8 15.
Qc3 Ne4 16. Qa3 (16. Qe5 $5 Qa2 $1) 16... Qxa3 17. bxa3 Na2 {This move is not
too easy to find. The knight looks like out of play} (17... Nd5 18. Nfd2 $14)
18. Bb2 Ba6 $1 $11 {[%csl Re2]} 19. Nfd2 Nxd2 20. Nxd2 Rd8 21. Nb3 Bf8 22. Ra1
Rb8 23. Rxa2 Rxb3 $11 {[%csl Ra2,Ga6,Rb2,Gb3,Gf8]}) 12... Nd5 (12... Qd7 $5)
13. bxa6 Bxa6 $6 {This move is a bit stupid. Black has to play accurately to
equalise.} (13... Rxa6 $1 {is most normal. I was afraid of Rb1 which is
accordning to Stockfish not dangerous at all for Black.} 14. Rxa6 Bxa6 15. Nxc4
Nc6 16. Ne3 Bxe3 $11) 14. Nxc4 Nc6 15. Ne3 Nd4 (15... Bxe3 16. Qxc6 Bxc1 17.
Bxd5 (17. Rxa6 Rxa6 18. Qxa6 Bxb2 19. Qa2 Bf6 20. Bxd5 exd5 21. Ng2) 17... Bxb2
18. Ra2 Qxd5 19. Qxd5 exd5 20. Rxb2) 16. Qxc5 Nxe2+ 17. Kh1 Nxg3+ 18. hxg3 Bxf1
19. Rxa8 Bxg2+ 20. Nhxg2 (20. Kxg2 Qxa8 (20... Nxe3+ 21. Bxe3 Qxa8+ 22. Nf3 $13
) 21. Nxd5 Rd8 $1 $11 (21... Rc8 $4 22. Qxc8+ Qxc8 23. Ne7+)) 20... Qxa8 21.
Nxd5 exd5 (21... Qxd5 {Computer suggestion, though I was convinced that this
ending is favourable for White during the game. But Black can find a very
solid setup which restricts White's pieces allowing him to save a draw.} 22.
Qxd5 exd5 23. Nf4 $1 d4 24. Kg2 {[%cal Rf4d3,Rc1d2,Rb2b4,Rg2f3,Gf7f6,Gg7g5,
Gh7h5,Gg8f7,Gf7g6,Gg6f5,Gf8e8]} Re8 25. Nd3 f6 26. Kf3 h5 27. Bd2 g5 28. b4 Kf7
{It is not possible to push the b-pawn. White's pieces have to keep an eye on
the kingside due to the potential strong h-pawn.} 29. Nc5 (29. b5 Rb8 {[%csl
Rb5]}) 29... Ra8) 22. Be3 {Obviously White does not want to give up the b-pawn
but he cannot hold it.} (22. Kh2 Rc8 23. Qe3 Qa1 $11) (22. Qb6) (22. Qd4 Qa1
23. Qc3 d4 24. Qc4 d3 25. Kh2 d2 26. Bxd2 Qxb2 $11) 22... Qa1+ 23. Kh2 Qxb2 {
This position is slightly better for White but absolutely defendable. It is
very difficult to suggest a way for White to improve his position.} 24. Nf4 (
24. Bd4 Qe2 (24... Qb7 25. Ne3 {[%cal Re3d5] Almost similar to the game}) 25.
Qxd5 Qg4 26. Nf4 h6) 24... Qb7 (24... Qe5 $5 25. Nxd5 Re8 26. Bd4 Qh5+ 27. Kg2
Qg5 $1 $11 {[%csl Gg5][%cal Rg5e7]}) 25. Nxd5 Rd8 26. Ne7+ Kh8 27. Nf5 f6 28.
Bd4 Qd7 29. Qb6 Rf8 30. Bc5 Rg8 {Although it looks like Black has played
pretty stupidly - putting his rook to the passive g8-square and allowing some
mating threats - his position is still absolutely fine.} 31. Nd6 Qe6 32. Qb7 h6
33. Qb1 (33. Nf7+ {Was the last try} Kh7 34. Qb1+ f5 35. Nd6 Rf8 36. Qd3 Rd8
$11 37. Kg2 {[%cal Yg3g4]} (37. g4 $6 Qe5+ 38. Qg3 Qxc5 39. Nb7 {White still
draws this but it was not his intention to go for a line like this.}) 37... Kg8
{[%cal Yd8d7,Yd7d8]}) 33... Rd8 34. Qb6 Rd7 35. Qb8+ Kh7 36. Qb1+ Kh8 37. Qb8+
Kh7 38. Qb1+ Kh8 39. Qb8+ 1/2-1/2

[Event "BCF-chT 1314 (4NCL)"]
[Site "England"]
[Date "2014.01.12"]
[Round "4.151"]
[White "Wells, Peter K"]
[Black "Howell, David"]
[Result "0-1"]
[WhiteElo "2479"]
[BlackElo "2644"]
[Annotator "Schulz,Andre"]
[PlyCount "68"]
[EventDate "2013.11.16"]
[EventType "team-swiss"]
[EventRounds "11"]
[EventCountry "ENG"]
[SourceTitle "EXT 2015"]
[Source "ChessBase"]
[SourceDate "2014.11.20"]
[SourceVersion "1"]
[SourceVersionDate "2014.11.20"]
[SourceQuality "1"]
[WhiteTeam "White Rose"]
[BlackTeam "Wood Green Hilsmark"]
[WhiteTeamCountry "ENG"]
[BlackTeamCountry "ENG"]

1. Nf3 Nf6 2. c4 e6 3. g3 d5 4. Bg2 Be7 5. d4 O-O 6. O-O dxc4 7. Ne5 ({Die
Alternative ist} 7. Qc2 a6 8. Qxc4 b5 9. Qc2) 7... Nc6 8. Bxc6 ({Nach} 8. Nxc6
bxc6 9. Bxc6 Rb8 10. Nc3 Bb7 {hat Schwarz in der Praxis gute Ergebnisse
erzielt.}) 8... bxc6 9. Nxc6 Qe8 10. Nxe7+ Qxe7 11. Qa4 e5 ({Auch} 11... c5 {
wird an dieser Stelle häufig gespielt.} 12. Qxc4 cxd4 13. Qxd4 e5 14. Qh4 Rb8
15. b3 Qe6 16. Bb2 Nd5 17. Nd2 Ba6 18. Ne4 Qg6 19. Rfd1 Nf4 20. Rd6 Qxe4 21.
gxf4 Qxe2 22. Bxe5 f6 23. Rxa6 fxe5 24. Ra4 Rb6 {1/2-1/2 (24) Malakhov,V (2670)
-Anand,V (2755) Hyderabad 2002}) 12. dxe5 Qxe5 13. Qxc4 {Schwarz hat einen
Bauern weniger. Aber das freie Figurenspiel und das Fehlen des weißfeldrigen
weißen Läufers bietet genügend Kompensation.} ({Oder} 13. Nc3 Ne4 14. Qxc4
Nxc3 15. bxc3 Be6 16. Qd3 Rfd8 17. Bf4 Rxd3 18. Bxe5 Rd2 19. a3 Rxe2 20. Bxc7
Rc8 21. Ba5 Re5 22. Bb4 a5 23. Bd6 Rd5 24. Rfd1 {1/2-1/2 (24) Onischuk,A (2667)
-Bologan,V (2672) Poikovsky 2013}) 13... Be6 14. Qd3 (14. Qc2 Bf5 15. Qd2 Bh3
16. Re1 Rad8 17. Qc3 Qd5 18. f3 Rfe8 19. Na3 Qb7 20. Qb3 Qa6 21. Qb5 Qe6 22.
Qb3 Qa6 23. Qb5 Qe6 24. Qb3 {1/2-1/2 (24) Meier,G (2644)-Leko,P (2730)
Dortmund 2012}) 14... Ng4 {Tatsächlich ein neuer Zug.} ({Bisher spielte man
meist} 14... Rad8 {zum Beispiel.} 15. Qe3 Qh5 16. f3 Bc4 17. Nc3 Rfe8 18. Qg5
Qh3 19. Rf2 Bxe2 {und nun verlor Mlakhov gegen Grischuk völlig den Faden:} 20.
Be3 $2 (20. Bf4 $11 Bd1 21. Be5 h6 22. Qf4 Nd5 23. Nxd5 Rxd5 24. Bc3 Rd3 25.
Qxc7 Rxf3 26. Qc6 Rc8 27. Qd5 Rxf2 28. Kxf2 Qxh2+ 29. Qg2 Qh5 30. Qe4 Rc5 31.
Kg2 Rg5 32. b3 Rg6 33. Rc1 Re6 34. Be5 Re8 35. Rc5 Bg4 36. Qd5 Bh3+ 37. Kf2
Qf5+ 38. Kg1 Rxe5 {0-1 (38) Kraai,J (2513)-Gerzhoy,L (2399) Edmonton 2008})
20... Bxf3 21. Rxf3 Ng4 22. Rf2 f6 23. Qf5 Re5 24. Qf4 Rxe3 25. Qxc7 Rde8 26.
Qc4+ Kh8 {0-1 (26) Malakhov,V (2694)-Grischuk,A (2717) Moscow 2006}) 15. Nc3
Rad8 16. Qb5 (16. Qa6 $5) 16... c5 17. Bf4 Qh5 18. h4 Rd4 {Mit der Drohung
Txf4.} 19. Qc6 h6 20. Qg2 (20. Rfd1 $5) 20... Rfd8 21. f3 Nf6 ({Schwarz will
mehr als} 21... Rxf4 22. gxf4 Ne3 23. Qg3 Nxf1 24. Rxf1 $11) 22. Be3 Rb4 23.
Rad1 (23. Rab1 $5 Nd5 24. Rfd1 Kh7 (24... Nxe3 25. Rxd8+ Kh7 26. Qf2 $18) 25.
Nxd5 Rxd5 26. Qf1 Rxd1 27. Qxd1 Bxa2 28. Qc2+ Qg6 $11) 23... Rxd1 24. Rxd1 Rxb2
{Nun hat Schwarz seinen Bauern zurück gewonnen und seine Initiative behalten.}
25. Qf2 Nd7 26. Bc1 $2 (26. Rd2 $11) 26... Rc2 27. Ne4 Rxa2 {Und jetzt ist
Schwarz materiell schon im Vorteil.} 28. Bf4 Qf5 (28... c4 $15) 29. Qe3 c4 30.
g4 Qa5 31. Bxh6 {Weiß verliert die Nerven.} ({Nach} 31. Kf2 {kann Weiß mit
g4-g5 am Königsflügel spielen mit gleichen Chancen.}) 31... gxh6 32. Qxh6 {
Es droht noch nicht einmal etwas konkretes. Vielleicht plante Wells Txd7, Sf6
mit vagen Angiffschancen. Allerdings ist der weiße König ja auch gefährdet.}
Ra1 (32... Rxe2 {war auch gut:} 33. Rxd7 Qe1#) 33. Rxa1 Qxa1+ 34. Kg2 Qe5 {
Rien ne va plus.} 0-1